000
00319nam a22001457a 4500
008
210607b ||||| |||| 00| 0 eng d
020
_a
9780735618565
041
_a
eng
080
_a
004
082
_a
004
100
_a
28
101
_a
SHKI
245
_a
Microsoft ASP.NET WEB Matrix
_c
Mike Pope
942
_2
udc
_c
BK
999
_c
58014
_d
58014